| 000 | 00384nam a2200145Ia 4500 | ||
|---|---|---|---|
| 008 | 150201s1999 xx 000 0 und d | ||
| 082 |
_a617.601 _bF1999M |
||
| 100 | _aMURRAY,J.J | ||
| 245 | _aFLUORIDES IN CARRIES PREVENTION | ||
| 250 | _a3RD | ||
| 260 |
_bVARGHESE PUBLICATION _aMUMBAI _c1999 |
||
| 300 | _a1-396 | ||
| 650 | _aPREVENTIVE AND COMMUNITY DENTISTRY | ||
| 942 |
_2ddc _cBK _01 |
||
| 999 |
_c4686 _d4686 |
||